Marvel Joke Characters by Picture - Statistics

General Stats
  • This quiz has been taken 53 times
  • The average score is 6 of 16
Answer Stats
Picture Answer % Correct
Howard the Duck
98%
8-Ball
90%
Squirrel Girl
84%
Walrus
57%
Frog-Man
51%
Big Wheel
43%
White Rabbit
39%
Doctor Bong
35%
Forbush Man
29%
Ruby Thursday
29%
Gorilla-Man
22%
Shrunken Bones
14%
Lady Stilt-Man
12%
Chondu the Mystic
10%
Bonehead
4%
Brain Drain
4%
No matching quizzes found
Score Distribution
Percent of People with Each Score
Percentile by Number Answered
Your Score History
You have not taken this quiz